Mechanics of materials / (Record no. 545146)
[ view plain ]
| 000 -LEADER | |
|---|---|
| fixed length control field | 00641pam a2200181 a 4500 |
| 020 ## - INTERNATIONAL STANDARD BOOK NUMBER | |
| International Standard Book Number | 0023544511 |
| 082 00 - DEWEY DECIMAL CLASSIFICATION NUMBER | |
| Classification number | 620.112 |
| Author Mark | HIB |
| -- | L-21, P-84 |
| 100 1# - MAIN ENTRY--PERSONAL NAME | |
| Personal name | Hibbeler, R. C. |
| 9 (RLIN) | 1019 |
| 245 10 - TITLE STATEMENT | |
| Title | Mechanics of materials / |
| Statement of responsibility, etc. | R.C. Hibbeler. |
| 260 ## - PUBLICATION, DISTRIBUTION, ETC. | |
| Place of publication, distribution, etc. | New York : |
| Name of publisher, distributor, etc. | Macmillan ; |
| Place of publication, distribution, etc. | Toronto : |
| Name of publisher, distributor, etc. | Collier Macmillan Canada ; |
| Place of publication, distribution, etc. | New York : |
| Name of publisher, distributor, etc. | Maxwell Macmillan International, |
| Date of publication, distribution, etc. | c1991. |
| 300 ## - PHYSICAL DESCRIPTION | |
| Extent | xiii, 794 p. : |
| Other physical details | ill. (some col.) ; |
| Dimensions | 25 cm. |
| 500 ## - GENERAL NOTE | |
| General note | Includes index. |
| 526 ## - STUDY PROGRAM INFORMATION NOTE | |
| Program name | 0 |
| Interest level | 0 |
| Reading level | 0 |
| Title point value | 620_112000000000000_HIB |
| 650 #0 - SUBJECT ADDED ENTRY--TOPICAL TERM | |
| Topical term or geographic name entry element | MCE |
| 9 (RLIN) | 379 |
| 650 #0 - SUBJECT ADDED ENTRY--TOPICAL TERM | |
| Topical term or geographic name entry element | Strength of materials. |
| 9 (RLIN) | 563 |
| 650 #0 - SUBJECT ADDED ENTRY--TOPICAL TERM | |
| Topical term or geographic name entry element | Structural analysis (Engineering) |
| 9 (RLIN) | 654 |
| 942 ## - ADDED ENTRY ELEMENTS (KOHA) | |
| Source of classification or shelving scheme | |
| Koha item type | Book |
| Withdrawn status | Lost status | Source of classification or shelving scheme | Damaged status | Not for loan | Permanent Location | Current Location | Date acquired | Total Checkouts | Total Renewals | Full call number | Barcode | Date last seen | Date last checked out | Price effective from | Koha item type |
|---|---|---|---|---|---|---|---|---|---|---|---|---|---|---|---|
| Military College of Engineering (MCE) | Military College of Engineering (MCE) | 05/19/2014 | 13 | 2 | 620.112 HIB | MCE-28440 | 02/10/2020 | 02/10/2020 | 05/19/2014 | Book |
